000 00465nam a2200133 a 4500
008 120416s1988 ||||||||||||||||| || u
050 _aLB 2805 Oku
100 _aOkumbe, J. A
245 1 0 _aEducational management
246 _atheory and practice
260 _aNairobi
_bUniv. Press
_c1988
350 _a0.00
995 _D0.00
_FCBU-MAIN LIBRARY (Kitwe)
_H1
_I9.95
_M1
_UAVAILABLE
_ZAnnex Low-Usage Collection
999 _c41170
_d41170